| 000 | 00353nam a22001217a 4500 | ||
|---|---|---|---|
| 082 | _a220 PRO | ||
| 100 |
_aHAMZA, MOAZAM,UMER JAVED _972328 |
||
| 245 | _aPR-SOF-1029-DESIGN AND FABRICATION OF KAPLAN HYDRO TURBINE | ||
| 260 |
_aISLAMABAD _bNUST COLLEGE OF EME _c2010 |
||
| 650 | _aDE-MECH-28 | ||
| 700 |
_aSUOERVISOR DR AFZAAL MALIK _972329 |
||
| 942 | _cCR | ||
| 999 |
_c578406 _d578406 |
||